| 000 | 00733nam a2200193 a 4500 | ||
|---|---|---|---|
| 005 | 20240924065451.0 | ||
| 008 | 991125s1957 mx 000 0 spa u | ||
| 035 | _aUPN01000019663 | ||
| 049 | _aSEP | ||
| 050 | 4 |
_aLB775 R4 _bL6 |
|
| 100 | 1 | _aLópez Carrasco, Fidel | |
| 245 | 1 | 0 |
_aEnrique C. Rébsamen : _borientador de la educación nacional su influencia en Oaxaca / _cFidel López Carrasco. |
| 260 |
_aMéxico : _bMuseo Pedagógico Nacional, _c1957. |
||
| 300 |
_a82 p. : _bil. |
||
| 500 | _aA la cabeza de la portada: Secretaría de Educación Pública. Dirección de Enseñanza Superior e Investigación Científica | ||
| 500 | _aDisponible en la Colección Medina | ||
| 650 | 2 |
_aEDUCADORES - _zMEXICO _914198 |
|
| 905 | _aLibro | ||
| 999 |
_c19663 _d19663 |
||